000
00366nam a2200169Ia 4500
001
14470
008
140402s9999 xx 000 0 und d
020
_a
0-13-977166-2
040
_c
PK-LaUMT
082
_a
613
_b
LUC-Y
100
_a
Luckmann, Joan
245
_a
Your health
_c
Luckmann, Joan
260
_c
1990
300
_a
584 p.
546
_a
EN
942
_c
BK
999
_c
15061
_d
15061